| 000 | 00523nam a22001817a 4500 | ||
|---|---|---|---|
| 005 | 20250402141929.0 | ||
| 008 | 250402b |||||||| |||| 00| 0 eng d | ||
| 020 |
_a9789357287258 _cRs.599.00 |
||
| 040 | _aLoreto College | ||
| 041 | _aEnglish | ||
| 082 |
_a153.94 _bOBJ |
||
| 245 | _aObjective Verbal & Non-verbal Reasoning | ||
| 260 |
_a Agra _bOswaal _c2024 |
||
| 300 |
_a344p. _b27cm. |
||
| 650 | _aCompetitive examination book | ||
| 850 | _aLCLIB | ||
| 942 | _cBK | ||
| 999 |
_c44008 _d94487 |
||